书目信息 |
| 题名: |
台湾军事强人
|
|
| 作者: | 李达 编著 | |
| 分册: | 第一集 | |
| 出版信息: | 香港 广角镜出版有限公司 1987.08 |
|
| 页数: | 187页 | |
| 开本: | 19cm | |
| 丛书名: | ||
| 单 册: | ||
| 中图分类: | D675.8 | |
| 科图分类: | ||
| 主题词: | 政治--中国 | |
| 电子资源: | ||
| ISBN: | ||
| 000 | 00546nam0 2200193 45 | |
| 001 | 0503141630 | |
| 005 | 20050315091239.6 | |
| 010 | @dCNY13.50 | |
| 100 | @a20050314d1987 km y0chiy0120 ea | |
| 101 | 0 | @achi |
| 105 | @a z 000yy | |
| 200 | 1 | @a台湾军事强人@ATai Wan Jun Shi Qiang Ren@h第一集@f李达编著@FLi Da Bian Zhu |
| 210 | @a香港@c广角镜出版有限公司@d1987.08 | |
| 215 | @a187页@d19cm | |
| 606 | 0 | @a政治@x中国 |
| 690 | @aD675.8@v3 | |
| 701 | 0 | @a李达@4编著 |
| 801 | @aCN@bPftUser@c20050314 | |
| 905 | @f1@b204671@f2@b259949-950@dD675.8@e2:1 | |
| 台湾军事强人.第一集/李达编著.-香港:广角镜出版有限公司,1987.08 |
| 187页;19cm |
| ISBN :CNY13.50 |
| ● |
| 相关链接 |
|
|
|
|
正题名:台湾军事强人
索取号:D675.8/2:1
 
预约/预借
| 序号 | 登录号 | 条形码 | 馆藏地/架位号 | 状态 | 备注 |
| 1 | 0204671 | 001975535 | 第一样本阅览室/ [索取号:D675.8/2:1] | 在馆 | |
| 2 | 0259949 | 001975447 | 第一借阅区/ [索取号:D675.8/2:1] | 在馆 | |
| 3 | 0259950 | 001975241 | 第一借阅区/ [索取号:D675.8/2:1] | 在馆 |